| 000 | 00570nam a2200217Ia 4500 | ||
|---|---|---|---|
| 001 | 12103 | ||
| 003 | GE_BSU | ||
| 008 | 181216s||||||||xx |||||||||||||| ||und|| | ||
| 020 | _a9780521190589 | ||
| 040 | _cGE_BSU | ||
| 080 | _a821.111-09 | ||
| 245 | 4 | _aThe Cambridge History of Early Medieval English Literature | |
| 245 | _cEdited by Clare A.Lees | ||
| 260 | _aCambridge | ||
| 260 | _bUniversity Press | ||
| 260 | _c2013 | ||
| 300 | _a789p.ill.24cm. | ||
| 541 | _h282Gel. | ||
| 653 | _aThe Cambridge History of Early Medieval English Literature | ||
| 942 | _cBK | ||
| 999 |
_c45279 _d45279 |
||